[Event "EU Union-ch U12 17th"]
[Site "Mureck"]
[Date "2019.08.07"]
[Round "8"]
[White "Flury, Luis"]
[Black "Stepanjan, Marianne"]
[Result "1-0"]
[WhiteElo "1365"]
[BlackElo "1308"]
[PlyCount "109"]
[EventDate "2019.07.31"]
[EventType "swiss"]
[EventRounds "9"]
[EventCountry "AUT"]
[SourceTitle "EXT 2020"]
[Source "ChessBase"]
[SourceDate "2019.10.17"]
[SourceVersion "1"]
[SourceVersionDate "2019.10.17"]
[SourceQuality "1"]

1. e4 c5 2. Nf3 d6 3. d4 cxd4 4. Qxd4 Nc6 5. Bb5 Nf6 6. c4 Bd7 7. Bxc6 Bxc6 8. Nc3 e6 9. 0-0 Be7 10. b3 0-0 11. Bb2 a6 12. Ba3 Qc7 13. Rac1 Rfd8 14. Rfd1 b6 15. Nd5 Bxd5 16. cxd5 Qb8 17. dxe6 fxe6 18. Rc6 e5 19. Qxb6 Qxb6 20. Rxb6 Nxe4 21. Re1 Nc3 22. Nxe5 Nd5 23. Rb7 Bf8 24. Nc4 Nc3 25. Rc1 Nb5 26. Bb4 d5 27. Bxf8 dxc4 28. Be7 c3 29. Bxd8 Rxd8 30. g3 Rd2 31. a4 c2 32. Rxc2 Rxc2 33. axb5 axb5 34. Rxb5 Rb2 35. b4 Kf7 36. Rb7+ Kf6 37. h4 h5 38. Kg2 Kg6 39. b5 Rb4 40. b6 Rb5 41. Rb8 Rb4 42. b7 Kf7 43. Kf3 Ke7 44. Ke3 Kd7 45. Rg8 Kc7 46. b8Q+ Rxb8 47. Rxb8 Kxb8 48. Kf4 Kc8 49. Kg5 Kd7 50. Kxh5 Ke7 51. Kg6 Kf8 52. f4 Kg8 53. f5 Kh8 54. f6 Kg8 55. f7+ 1-0

[Event "EU Union-ch U12 17th"]
[Site "Mureck"]
[Date "2019.08.05"]
[Round "6"]
[White "Flury, Luis"]
[Black "Wielander, Magdalena"]
[Result "1-0"]
[WhiteElo "1365"]
[BlackElo "1182"]
[PlyCount "57"]
[EventDate "2019.07.31"]
[EventType "swiss"]
[EventRounds "9"]
[EventCountry "AUT"]
[SourceTitle "EXT 2020"]
[Source "ChessBase"]
[SourceDate "2019.10.17"]
[SourceVersion "1"]
[SourceVersionDate "2019.10.17"]
[SourceQuality "1"]

1. e4 e5 2. Nf3 Nc6 3. Bc4 Bc5 4. c3 Nf6 5. d3 d6 6. Nbd2 a6 7. 0-0 Ba7 8. h3 0-0 9. Re1 Be6 10. Bb3 Ne7 11. Nf1 Ng6 12. Ng3 Qe7 13. Be3 Bxb3 14. axb3 d5 15. exd5 Nxd5 16. Bxa7 Rxa7 17. d4 Qd7 18. Nxe5 Nxe5 19. Rxe5 Re8 20. Qe2 Raa8 21. Re1 Kf8 22. Qc4 c6 23. Qd3 g6 24. Qd2 Kg7 25. c4 Nf6 26. Qg5 Qxd4 27. Nf5+ Kf8 28. Qh6+ Kg8 29. Qg7# 1-0

[Event "EU Union-ch U12 17th"]
[Site "Mureck"]
[Date "2019.08.03"]
[Round "4"]
[White "Flury, Luis"]
[Black "Praspaliauskas, Matas"]
[Result "1/2-1/2"]
[WhiteElo "1365"]
[BlackElo "1107"]
[PlyCount "109"]
[EventDate "2019.07.31"]
[EventType "swiss"]
[EventRounds "9"]
[EventCountry "AUT"]
[SourceTitle "EXT 2020"]
[Source "ChessBase"]
[SourceDate "2019.10.17"]
[SourceVersion "1"]
[SourceVersionDate "2019.10.17"]
[SourceQuality "1"]

1. e4 e5 2. Nf3 Nc6 3. Bc4 Bc5 4. c3 Nf6 5. d3 d6 6. Nbd2 0-0 7. 0-0 Bd7 8. a4 a5 9. h3 h6 10. Re1 Nh7 11. Nf1 Ne7 12. Ng3 Ng6 13. Be3 Ba7 14. Ba2 Nf6 15. Nh2 Qc8 16. Bb3 c6 17. Nf3 Nf4 18. d4 Ng6 19. Qc2 Re8 20. Rad1 Qc7 21. Nf5 exd4 22. Bxd4 Bxd4 23. N3xd4 Ne7 24. Nxe7+ Rxe7 25. Re2 Qb6 26. Kh1 c5 27. Nf3 Rd8 28. Bd5 Nxd5 29. Rxd5 Bc6 30. Rd1 Qa6 31. b3 b6 32. c4 Qb7 33. Nd2 Rde8 34. f3 f5 35. Rde1 fxe4 36. Nxe4 Bxe4 37. Rxe4 Rxe4 38. Rxe4 Rxe4 39. Qxe4 Qxe4 40. fxe4 Kf7 41. Kg1 Kf6 42. Kf2 Ke5 43. Ke3 Kf6 44. Kf4 Ke6 45. Kf3 Kf7 46. Kf4 Kf6 47. Kf3 Kg5 48. g3 Kf6 49. Kf4 Ke6 50. Kf3 Ke5 51. Ke3 h5 52. h4 Ke6 53. Kf4 Kf6 54. Kf3 g5 55. Kf2 1/2-1/2